Miasta położone najbliżej Berlina - Statystyki

Ogólne statystyki
  • Ten quiz został rozwiązany 38 razy
  • Średni wynik to 5 z 9
Statystyki odpowiedzi
km Cities Country % Poprawnych
127 Szczecin Polska
92%
241 Poznan Polska
84%
149 Lipsk Niemcy
81%
165 Drezno
76%
124 Magdeburga Niemcy
57%
150 Halle
30%
190 Chemnitz
24%
237 Lubeka
16%
196 Brunszwick
14%
Nie znaleziono quizów pasujących do podanych kryteriów
Rozkład punktacji
Procent ludzi z każdym wynikiem
Percentyl według liczby udzielonych odpowiedzi
Twoja historia wyników
Nie rozwiązałeś tego quizu